000
00284nam a22001337a 4500
008
181015b xxu||||| |||| 00| 0 eng d
020
_a
9780801894374
041
_a
eng
080
_a
721
100
_a
41
101
_a
NDE
245
_a
Super Structures
_c
Denny,M
942
_2
udc
_c
BK
999
_c
49612
_d
49612